Datum a čas kvízu
34.5
Celkem bodů
Celkový počet nahraných bodů na tomto kvízu bez doplňovacích otázek.
3.
Pořadí na kvízu
Konečné umístění týmu na tomto kvízu.
Zaznamenané odpovědi
# | Otázka | Odpověď | Body | Výsledky |
---|---|---|---|---|
1. | Obyvatelé Ostravy se po 21 let... | (Moravskoslezská vědecká) knihovna | 0 | |
2. | Ve vysílání maďarské státní te... | Bratislavský hrad | 1 | |
3. | Jak se jmenuje Miss Czech Repu... | Linda Górecká | 0 | |
4. | Který evropský poloostrov post... | Pyrenejský (Iberský) | 1 | |
5. | Česká rychlobruslařka Martina... | Nikola Zdráhalová | 1 | |
6. | Podíváme se na několik známých... | Džoser | 1 | |
7. | V Egyptě ještě chvíli zůstanem... | Hatšepsut (Hatšepsovet) | 1 | |
8. | Kdo je pohřben pod tímto náhro... | Josef Skupa | 0 | |
9. | Tento hřbitov je situován při... | Arlingtonský | 1 | |
10. | V poslední otázce tématu se po... | Jenny Gump | 1 |